Metodické odporúčania pre bezpečnosť informačných systémov malých a stredných firiem
Základné princípy bezpečnosti. Bezpečnostné štandardy. Bezpečnostná politika. Praktické bezpečnostné odporúčania. Stratégia a proces manažovania a implementovania úspešnej bezpečnostnej politiky a bezpečnostného programu v prostredí malých a stredných firiem.
Na minha lista:
| Autor principal: | |
|---|---|
| Formato: | Capítulo de Livro |
| Idioma: | eslovaco |
| Assuntos: | |
| Tags: |
Sem tags, seja o primeiro a adicionar uma tag!
|
MARC
| LEADER | 00000naa$a2200000$$$4500 | ||
|---|---|---|---|
| 001 | 0037613 | ||
| 005 | 20240502071456.1 | ||
| 041 | 0 | |a slo | |
| 044 | |a SK | ||
| 245 | 1 | 0 | |a Metodické odporúčania pre bezpečnosť informačných systémov malých a stredných firiem |c Daniela Chudá |
| 520 | |a Základné princípy bezpečnosti. Bezpečnostné štandardy. Bezpečnostná politika. Praktické bezpečnostné odporúčania. Stratégia a proces manažovania a implementovania úspešnej bezpečnostnej politiky a bezpečnostného programu v prostredí malých a stredných firiem. | ||
| 610 | 2 | 0 | |a systémy informačné |
| 610 | 2 | 0 | |a podnik malý |
| 610 | 2 | 0 | |a podnik stredný |
| 610 | 2 | 0 | |a bezpečnosť informačná |
| 610 | 2 | 0 | |a technológie informačné |
| 610 | 2 | 0 | |a ochrana údajov osobných |
| 610 | 2 | 0 | |a politika bezpečnostná |
| 100 | 1 | |a Chudá, Daniela | |